[Event "SC Noris-Tarrasch N 1873 e.V. 3-SW Nürnb"]
[Site "?"]
[Date "2013.03.10"]
[Round "8.7"]
[White "Werner, Thomas"]
[Black "Lutzky, Manfred"]
[Result "0-1"]
[WhiteElo "1923"]
[BlackElo "1923"]
[PlyCount "120"]
[EventDate "2013.??.??"]
[WhiteTeam "SW Nürnberg Süd e.V. 2"]
[BlackTeam "SC Noris-Tarrasch N 1873 e.V. 3"]

1. d4 d5 2. c4 e6 3. Nc3 Nf6 4. cxd5 exd5 5. Bg5 Be7 6. e3 O-O 7. Bd3 c6 8.
Nge2 Nbd7 9. O-O Re8 10. f3 Nf8 11. Bh4 Nh5 12. Bf2 f5 13. Qc2 g6 14. Rab1 Bh4
15. g3 Bg5 16. e4 fxe4 17. fxe4 dxe4 18. Nxe4 Be6 19. N2c3 Bh6 20. Nc5 Bh3 21.
Rfe1 b6 22. Rxe8 Qxe8 23. Re1 Qf7 24. Qb3 Qxb3 25. Nxb3 Kf7 26. Be4 Rc8 27. d5
cxd5 28. Bxd5+ Be6 29. Bd4 Bg7 30. Bxg7 Nxg7 31. Kf2 Rd8 32. Bxe6+ Nfxe6 33.
Re2 Nf5 34. Nb5 a6 35. Na3 Nd6 36. Rc2 Rc8 37. Rxc8 Nxc8 38. Nc4 b5 39. Ne5+
Kf6 40. Nc6 Nd6 41. Nb4 Nc4 42. Nxa6 Ke5 43. Nbc5 Nxc5 44. Nxc5 Nxb2 45. Ke3
Kd5 46. Nb3 Kc4 47. Nd4 Nd1+ 48. Ke4 Nf2+ 49. Ke5 Ng4+ 50. Ke4 Nxh2 51. Nxb5
Kxb5 52. Kf4 Nf1 53. g4 Nh2 54. g5 Kb4 55. Kg3 Nf1+ 56. Kf2 Nd2 57. Ke3 Nc4+
58. Ke4 Nd6+ 59. Ke5 Nf7+ 60. Kf6 Nxg5 0-1

[Event "SC Noris-Tarrasch N 1873 e.V. 3-SW Nürnb"]
[Site "?"]
[Date "2013.03.10"]
[Round "8.8"]
[White "Pranschke, Gerd"]
[Black "Diehl, Achim"]
[Result "1-0"]
[WhiteElo "1887"]
[BlackElo "1995"]
[PlyCount "163"]
[EventDate "2013.??.??"]
[WhiteTeam "SC Noris-Tarrasch N 1873 e.V. 3"]
[BlackTeam "SW Nürnberg Süd e.V. 2"]

1. e4 c5 2. Nf3 d6 3. Bb5+ Nc6 4. O-O Bd7 5. d4 cxd4 6. Nxd4 Nf6 7. Re1 e6 8.
c4 Qc7 9. Nc3 Be7 10. Be3 a6 11. Bxc6 bxc6 12. h3 c5 13. Nde2 Bc6 14. Qc2 Rb8
15. b3 Qb7 16. f3 Nd7 17. Rad1 O-O 18. Ng3 Rfd8 19. f4 Qc7 20. Bf2 Nb6 21. Qe2
Bb7 22. Rd3 Qc6 23. Qg4 f5 24. Qf3 Qc8 25. Qe2 Bf6 26. exf5 exf5 27. Qe6+ Qxe6
28. Rxe6 Bc8 29. Re1 g6 30. Red1 Bb7 31. Nf1 Nc8 32. Ne3 Re8 33. Ncd5 Bg7 34.
Kf1 Kf7 35. Be1 Ne7 36. Ba5 Nxd5 37. Nxd5 Bf8 38. Bc3 Re4 39. g3 h5 40. Nf6 Re6
41. Nd7 Rbe8 42. Nxf8 Kxf8 43. Rxd6 Kf7 44. Be5 Be4 45. R1d2 Rxd6 46. Bxd6 Rc8
47. Ke1 Ke6 48. Be5 Ke7 49. Kd1 Rc6 50. Kc1 Re6 51. h4 Rc6 52. Kb2 Re6 53. Kc3
Rb6 54. a3 Bf3 55. b4 cxb4+ 56. axb4 Re6 57. Ra2 Kd7 58. Kd4 Bb7 59. b5 Bc8 60.
Kc5 Bb7 61. Rd2+ Ke7 62. Rd3 Be4 63. Rd4 Bb7 64. Bc7 Re3 65. Bd8+ Ke8 66. Bg5
Bg2 67. Rd8+ Kf7 68. b6 Rb3 69. Rd7+ Ke8 70. Ra7 Be4 71. Rxa6 Bb7 72. Ra7 Be4
73. Re7+ Kf8 74. Re6 Kf7 75. Rf6+ Kg7 76. Rd6 Kf7 77. Kd4 Rd3+ 78. Ke5 Rc3 79.
Rd7+ Ke8 80. Rc7 Rb3 81. c5 Bh1 82. Kf6 1-0

[Event "SK Schwanstetten 79 e.V. 1-SW Nürnberg S"]
[Site "?"]
[Date "2013.03.10"]
[Round "8.1"]
[White "Luther, Helmut"]
[Black "Manthey, Frank"]
[Result "1/2-1/2"]
[WhiteElo "1926"]
[BlackElo "2067"]
[PlyCount "37"]
[EventDate "2013.??.??"]
[WhiteTeam "SW Nürnberg Süd e.V. 3"]
[BlackTeam "SK Schwanstetten 79 e.V. 1"]

1. d4 d5 2. Nf3 Nf6 3. g3 c6 4. Bg2 Bf5 5. O-O h6 6. c4 e6 7. Nc3 Be7 8. cxd5
exd5 9. Bd2 Nbd7 10. Re1 O-O 11. Qc1 Ne4 12. Nxe4 dxe4 13. Ne5 Nb6 14. e3 Qd5
15. Nd3 Qc4 16. Nc5 Bxc5 17. dxc5 Qxc1 18. Rexc1 Nd5 19. Rc4 1/2-1/2

[Event "SK Schwanstetten 79 e.V. 1-SW Nürnberg S"]
[Site "?"]
[Date "2013.03.10"]
[Round "8.2"]
[White "Kroneder, Christian"]
[Black "Kuhn, Christian"]
[Result "1/2-1/2"]
[WhiteElo "1973"]
[BlackElo "1842"]
[PlyCount "79"]
[EventDate "2013.??.??"]
[WhiteTeam "SK Schwanstetten 79 e.V. 1"]
[BlackTeam "SW Nürnberg Süd e.V. 3"]

1. e4 e5 2. Nf3 Nf6 3. Nxe5 d6 4. Nf3 Nxe4 5. d4 d5 6. Bd3 Be7 7. O-O Nc6 8.
Nc3 Nxc3 9. bxc3 Be6 10. Rb1 Rb8 11. Bf4 O-O 12. Re1 Bf6 13. Qd2 Na5 14. Ng5
Bxg5 15. Bxg5 Qd7 16. Qf4 f6 17. Bh4 Rbe8 18. Bg3 c6 19. Qc7 b6 20. Qxd7 Bxd7
21. Bd6 Rxe1+ 22. Rxe1 Re8 23. Rxe8+ Bxe8 24. Bb8 b5 25. Bxa7 Nc4 26. Kf1 h6
27. Bc5 Kf7 28. Ke2 Ke6 29. g4 Nd6 30. f4 g5 31. Kf3 Bf7 32. h3 Be8 33. Ba3 Bf7
34. Bh7 Be8 35. Bg8+ Kd7 36. Bh7 Ke6 37. Bd3 Bf7 38. Bc5 Be8 39. Ke3 Bf7 40.
Kf3 1/2-1/2

[Event "SK Schwanstetten 79 e.V. 1-SW Nürnberg S"]
[Site "?"]
[Date "2013.03.10"]
[Round "8.3"]
[White "Thürauf, Peter"]
[Black "Cipra, Lothar"]
[Result "1/2-1/2"]
[WhiteElo "1790"]
[BlackElo "1953"]
[PlyCount "89"]
[EventDate "2013.??.??"]
[WhiteTeam "SW Nürnberg Süd e.V. 3"]
[BlackTeam "SK Schwanstetten 79 e.V. 1"]

1. d4 Nf6 2. Nf3 e6 3. c4 d5 4. Nc3 Be7 5. Bg5 h6 6. Bh4 O-O 7. e3 b6 8. cxd5
exd5 9. Bd3 Be6 10. O-O Nbd7 11. Ne5 Nxe5 12. dxe5 Nd7 13. Bxe7 Qxe7 14. f4 Nc5
15. Bb5 Rad8 16. Rc1 Ne4 17. Qe2 Nxc3 18. Rxc3 c5 19. Ra3 Bf5 20. Rd1 Be4 21.
Bd3 Bxd3 22. Raxd3 Qe6 23. Qf3 d4 24. b3 f6 25. exd4 cxd4 26. Qe4 fxe5 27. fxe5
Rd5 28. Re1 Re8 29. Qf4 Rxe5 30. Rxe5 Qxe5 31. Qxe5 Rxe5 32. Rxd4 Re2 33. Ra4
a5 34. a3 Rb2 35. b4 axb4 36. Rxb4 Rxb4 37. axb4 Kf7 38. Kf2 Ke6 39. Ke3 Kd5
40. Kd3 g5 41. g4 b5 42. h3 Ke5 43. Ke3 Kd5 44. Kd3 Ke5 45. Ke3 1/2-1/2

[Event "SK Schwanstetten 79 e.V. 1-SW Nürnberg S"]
[Site "?"]
[Date "2013.03.10"]
[Round "8.4"]
[White "Arlt, Michael"]
[Black "Billmann, Andreas"]
[Result "1-0"]
[WhiteElo "1925"]
[BlackElo "1915"]
[PlyCount "53"]
[EventDate "2013.??.??"]
[WhiteTeam "SK Schwanstetten 79 e.V. 1"]
[BlackTeam "SW Nürnberg Süd e.V. 3"]

1. d4 f5 2. Nf3 e6 3. c4 d5 4. Nc3 Nf6 5. e3 c6 6. Be2 Be7 7. Rb1 Ne4 8. O-O
O-O 9. Ne5 Nd7 10. Nxd7 Bxd7 11. f3 Nxc3 12. bxc3 Qc7 13. Qb3 Rab8 14. cxd5
cxd5 15. c4 Bc6 16. Ba3 Rf6 17. Bxe7 Qxe7 18. Qb4 Qc7 19. f4 Rh6 20. c5 g5 21.
Bb5 gxf4 22. exf4 Bxb5 23. Qxb5 Qg7 24. c6 Qxd4+ 25. Kh1 b6 26. c7 Rf8 27. Rbc1
1-0

[Event "SK Schwanstetten 79 e.V. 1-SW Nürnberg S"]
[Site "?"]
[Date "2013.03.10"]
[Round "8.5"]
[White "Lais, Thomas"]
[Black "Leonhardt, Frank"]
[Result "1/2-1/2"]
[WhiteElo "1878"]
[BlackElo "1886"]
[PlyCount "61"]
[EventDate "2013.??.??"]
[WhiteTeam "SW Nürnberg Süd e.V. 3"]
[BlackTeam "SK Schwanstetten 79 e.V. 1"]

1. e4 e5 2. Nf3 Nc6 3. Bb5 a6 4. Ba4 d6 5. O-O Nf6 6. Re1 Be7 7. c3 O-O 8. d4
Bg4 9. Bxc6 bxc6 10. dxe5 Bxf3 11. Qxf3 dxe5 12. Nd2 Qc8 13. Nc4 Qe6 14. b3 Nd7
15. Ne3 Bg5 16. Ba3 Rfe8 17. Rad1 Bxe3 18. Rxe3 a5 19. Red3 Nb6 20. Bc5 Rec8
21. h3 a4 22. Bxb6 cxb6 23. Rd6 Qe8 24. b4 Rd8 25. Qd3 Rxd6 26. Qxd6 b5 27. Kf1
f6 28. Rd2 Rc8 29. Ke2 h6 30. f3 Kh7 31. Ke3 1/2-1/2

[Event "SK Schwanstetten 79 e.V. 1-SW Nürnberg S"]
[Site "?"]
[Date "2013.03.10"]
[Round "8.6"]
[White "Vogt, Peter"]
[Black "Stolpynskyy, Mark"]
[Result "1-0"]
[WhiteElo "1885"]
[BlackElo "1950"]
[PlyCount "56"]
[EventDate "2013.??.??"]
[WhiteTeam "SK Schwanstetten 79 e.V. 1"]
[BlackTeam "SW Nürnberg Süd e.V. 3"]

1. e4 c5 2. Nf3 e6 3. d4 cxd4 4. Nxd4 Nf6 5. Nc3 d6 6. Bg5 a6 7. Qd2 Be7 8.
O-O-O O-O 9. f4 Qc7 10. g4 Nbd7 11. f5 Nb6 12. Bxf6 Bxf6 13. g5 Be5 14. f6 d5
15. Kb1 Nc4 16. Bxc4 Qxc4 17. Qe3 Bd6 18. Nf3 Bb4 19. Ne5 Qc7 20. fxg7 Kxg7 21.
Qf4 Be7 22. exd5 Kg8 23. Rhe1 b5 24. Ne4 exd5 25. Nf6+ Kg7 26. Nxd5 Qb7 27.
Nxe7 Qxe7 28. Ng6 Be6 1-0

[Event "SK Schwanstetten 79 e.V. 1-SW Nürnberg S"]
[Site "?"]
[Date "2013.03.10"]
[Round "8.7"]
[White "Pidtoptanyy, Igor"]
[Black "Schulz, Wilfried"]
[Result "1-0"]
[WhiteElo "1871"]
[BlackElo "1817"]
[PlyCount "79"]
[EventDate "2013.??.??"]
[WhiteTeam "SW Nürnberg Süd e.V. 3"]
[BlackTeam "SK Schwanstetten 79 e.V. 1"]

1. e4 d5 2. exd5 Qxd5 3. Nf3 Bg4 4. Be2 Nc6 5. Nc3 Qh5 6. O-O Nf6 7. h3 O-O-O
8. d3 Bxf3 9. Bxf3 Qc5 10. Ne4 Nxe4 11. Bxe4 f5 12. Bxc6 Qxc6 13. Qe2 e6 14.
Re1 Re8 15. d4 Bd6 16. c4 Bb4 17. Rd1 Be7 18. Bf4 Bf6 19. Be5 Rhf8 20. b4 Bxe5
21. Qxe5 Rf6 22. b5 Qd6 23. Rd3 Rf7 24. f4 Qxe5 25. fxe5 Rd7 26. Kf2 Red8 27.
Ke3 b6 28. a4 g5 29. Rad1 h5 30. d5 Re7 31. dxe6 Rxd3+ 32. Rxd3 Rxe6 33. Kd4 g4
34. hxg4 hxg4 35. Rd1 Rg6 36. Ke3 g3 37. Kf4 Rg7 38. Kxf5 Rf7+ 39. Kg6 Rf2 40.
e6 1-0